| 000 | 00372nam a2200145Ia 4500 | ||
|---|---|---|---|
| 008 | 210210b1957 xxu||||| |||| 00| 0 eng d | ||
| 082 | _a082.954 BRID | ||
| 100 | _aBRIGHT (J S). | ||
| 245 | _aDictionary of Indian quotations. | ||
| 260 |
_aDelhi. _bBright Publication., _c1957 |
||
| 300 | _a240 | ||
| 650 | _aIndian Quotations | ||
| 690 | _aQuotations | ||
| 906 | _a030412 | ||
| 999 |
_c81569 _d81569 |
||